000
00228 a2200097 4500
001
20123
100
_a
Mahmood S F
245
_a
Tarikh Adbeyat Musalmanaan Pak-o-Hind
260
_a
_b
Punjab University
_c
090
_c
14717
_d
14717
942
_a
NUST-CAE
_c
M
_c
5244
999
_c
255196
_d
255196